000 00816nas a2200277 4500
001 BR9507320
003 BR-BrBNA
005 20231205095441.0
007 ta
008 230509b bl.|||p| |||| 00| 00por d
040 _aBR-BrBNA
_bpor
_cBiblioteca Nacional de Agricultura
041 _a(Pt)
072 _aL72
100 1 _aFreitas, M.G.
100 1 _aCosta, H.M.A.
100 1 _aLeonhardt, H.G.
245 1 _aSarna demodecica dos bovinos em Minas Gerais
650 _aBovino
650 _aAcaro
650 _aSarna Animal
650 _aDiagnostico
650 _aMinas Gerais
773 0 _tArquivos da Escola Superior de Veterinaria da Universidade Rural do Estado de Minas Gerais (Brazil)
_x
_g(1958), v. 11 p. 375-377
_wBR9507320
909 _a202311
_bLúcia
_c55
_dLúcia Elande
942 _2AGRIS
_n0
_cANA
999 _c150749
_d150749